[Event "Wch U12"]
[Site "Oropesa del Mar"]
[Date "1999.10.31"]
[Round "7"]
[White "Stellwagen, Daniel"]
[Black "Alavi Moghaddam, Sayed Javad"]
[Result "1-0"]
[WhiteElo "2254"]
[BlackElo "2260"]
[PlyCount "55"]
[EventDate "1999.10.24"]
[Source "ChessBase"]
[SourceDate "1999.11.18"]

1. e4 e5 2. Nf3 Nf6 3. Nxe5 d6 4. Nxf7 Kxf7 5. d4 Be7 6. Nc3 Re8 7. Bc4+ Kf8 8. O-O c5 9. d5 Nfd7 10. f4 Bf6 11. e5 dxe5 12. Qh5 Kg8 13. d6+ Kh8 14. Bf7 exf4 15. Bxe8 Bd4+ 16. Kh1 Nf6 17. Rxf4 Qxd6 18. Rxf6 Qxf6 19. Bg5 Qf5 20. Bb5 g6 21. Qh4 Nd7 22. Re1 a6 23. Re8+ Nf8 24. Bd3 Qf7 25. Re7 Qf2 26. Qxf2 Bxf2 27. Bf6+ Kg8 28. Rg7+ 1-0

[Event "Munich Open 9192"]
[Site "Munich GER"]
[Date "1992.??.??"]
[Round "6"]
[White "Wach, Markus"]
[Black "Bibik, Jura"]
[Result "1-0"]
[WhiteElo "2265"]
[BlackElo "2240"]
[PlyCount "63"]
[EventDate "1992.01.??"]
[Source "www.chesslib.no"]
[SourceDate "2004.05.04"]

1. e4 e5 2. Nf3 Nf6 3. Nxe5 d6 4. Nxf7 Kxf7 5. d4 g6 6. Bd3 c5 7. dxc5 Nc6 8. cxd6 Bxd6 9. Nc3 Kg7 10. Bg5 h6 11. Bh4 Rf8 12. O-O g5 13. Bg3 Bxg3 14. hxg3 Be6 15. f4 gxf4 16. gxf4 Bg4 17. Qe1 Nh5 18. Nd5 Ne7 19. Qh4 Nxd5 20. Qxg4+ Kh8 21. Qxh5 Qb6+ 22. Kh2 Nxf4 23. Qe5+ Qf6 24. Qxf6+ Rxf6 25. g3 Nh5 26. e5 Rb6 27. Rf7 Rc8 28. b3 Kg8 29. Raf1 Ng7 30. Rd7 Ne6 31. Rff7 Nf8 32. Rxb7 1-0

[Event "Bohemians-B"]
[Site "Prague CZE"]
[Date "1989.??.??"]
[Round "?"]
[White "Wach, Markus"]
[Black "Vanka, Miloslav"]
[Result "1-0"]
[WhiteElo "2235"]
[BlackElo "2265"]
[PlyCount "69"]
[EventDate "1989.01.??"]
[Source "www.chesslib.no"]
[SourceDate "2004.05.04"]

1. e4 e5 2. Nf3 Nf6 3. Nxe5 d6 4. Nxf7 Kxf7 5. d4 c5 6. dxc5 Nc6 7. Bc4+ Be6 8. Bxe6+ Kxe6 9. cxd6 Bxd6 10. O-O Qc7 11. f4 Bc5+ 12. Kh1 Rhd8 13. Nd2 Kf7 14. e5 Nd5 15. Ne4 Be7 16. Bd2 Kg8 17. Qh5 Qd7 18. c4 Ndb4 19. Bc3 Qd3 20. Nd2 Qg6 21. Qh3 Rd3 22. Rf3 Rxf3 23. Qxf3 Qd3 24. Qg4 Nc2 25. Rf1 Ne3 26. Qg3 Rd8 27. Rf3 Bc5 28. f5 Qe2 29. f6 g6 30. f7+ Kf8 31. Qg5 Qd1+ 32. Nf1 Nf5 33. e6 Rd3 34. Rxf5 Be3 35. Bb4+ 1-0

[Event "Mondariz Balneario"]
[Site "?"]
[Date "2000.07.29"]
[Round "4.21"]
[White "Andres Ivan"]
[Black "Hernandez Yudania"]
[Result "1/2-1/2"]
[WhiteElo "2176"]
[BlackElo "2322"]
[PlyCount "26"]
[EventDate "2000.??.??"]
[Source "www.chesslib.no"]
[SourceDate "2004.05.04"]

1. e4 e5 2. Nf3 Nf6 3. Nxe5 d6 4. Nxf7 Kxf7 5. d4 Be7 6. Nc3 c5 7. Bc4+ Be6 8. d5 Bc8 9. e5 dxe5 10. d6+ Be6 11. Bxe6+ Kxe6 12. dxe7 Qxd1+ 13. Nxd1 Nc6 1/2-1/2

[Event "Santa Coloma"]
[Site "?"]
[Date "1996.??.??"]
[Round "4"]
[White "Herms Agullo Jordi"]
[Black "Borras Duran Pere"]
[Result "0-1"]
[WhiteElo "2215"]
[BlackElo "2280"]
[PlyCount "46"]
[EventDate "1996.??.??"]
[Source "www.chesslib.no"]
[SourceDate "2004.05.04"]

1. e4 e5 2. Nf3 Nf6 3. Nxe5 d6 4. Nxf7 Kxf7 5. d4 c6 6. Bd3 g6 7. O-O Bg7 8. Nc3 Re8 9. h3 Kg8 10. g4 Na6 11. a3 Nc7 12. Be3 Qe7 13. g5 Nh5 14. Kh2 Qe6 15. Qf3 Rf8 16. Qg2 Nf4 17. Bxf4 Rxf4 18. Kg3 Rf7 19. Ne2 Bxd4 20. c3 Bg7 21. Rae1 d5 22. Bc2 dxe4 23. Bxe4 Bd7 0-1

[Event "9. DMP I I szach"]
[Site "Lima IX DMP I I szach"]
[Date "1992.??.??"]
[Round "?"]
[White "Szczepaniak, Al"]
[Black "Borys, Romuald"]
[Result "0-1"]
[WhiteElo "2200"]
[BlackElo "2290"]
[PlyCount "84"]
[EventDate "1992.??.??"]
[Source "www.chesslib.no"]
[SourceDate "2004.05.04"]

1. e4 e5 2. Nf3 Nf6 3. Nxe5 d6 4. Nxf7 Kxf7 5. d4 c5 6. dxc5 Nc6 7. Bc4+ Be6 8. Bxe6+ Kxe6 9. O-O d5 10. exd5+ Qxd5 11. Qe2+ Kf7 12. Nc3 Qxc5 13. Be3 Qf5 14. Rad1 Be7 15. Qc4+ Qe6 16. Qb5 Rhd8 17. Rde1 Rd7 18. Bg5 a6 19. Qb6 Qc4 20. Qe3 Kf8 21. Qh3 Rad8 22. Bxf6 Bxf6 23. Qxh7 Bxc3 24. bxc3 Qxa2 25. Re3 Qg8 26. Qf5+ Rf7 27. Qc5+ Re7 28. c4 Ke8 29. Rfe1 Rxe3 30. Rxe3+ Kd7 31. h4 Kc8 32. h5 Qf8 33. Qg5 Rd1+ 34. Kh2 Qxf2 35. Re8+ Rd8 36. Re3 Qf7 37. Rf3 Qc7+ 38. Rg3 Rh8 39. c5 Nb8 40. Qf5+ Nd7 41. c6 bxc6 42. Kh3 Qe5 0-1

[Event "RLPF-chA"]
[Site "?"]
[Date "1997.??.??"]
[Round "?"]
[White "Moeldner Juergen"]
[Black "Hoegerl Gerd"]
[Result "1-0"]
[WhiteElo "2225"]
[BlackElo "2260"]
[PlyCount "74"]
[EventDate "1997.??.??"]
[Source "www.chesslib.no"]
[SourceDate "2004.05.04"]

1. e4 e5 2. Nf3 Nf6 3. Nxe5 d6 4. Nxf7 Kxf7 5. d4 c5 6. Bc4+ d5 7. exd5 Bd6 8. O-O Re8 9. h3 cxd4 10. Nd2 Nbd7 11. Nf3 Ne5 12. Ng5+ Kf8 13. Bb3 h6 14. f4 hxg5 15. fxg5 Ke7 16. gxf6+ gxf6 17. Bf4 Ng6 18. Bxd6+ Qxd6 19. Qxd4 Ne5 20. Qh4 Bd7 21. Rxf6 Qxf6 22. d6+ Kxd6 23. Qxf6+ Kc7 24. Qf4 Kc8 25. Rd1 a5 26. Rd5 Nc6 27. Qd6 Rd8 28. Rc5 Ra6 29. Be6 Bxe6 30. Qxe6+ Kb8 31. Rd5 Rc8 32. h4 Rc7 33. c3 Ne7 34. Rd6 Ra8 35. h5 Nc8 36. Rd8 a4 37. Qe5 Ra6 1-0

[Event "Zalakaros op 18th"]
[Site "?"]
[Date "1999.05.17"]
[Round "6"]
[White "Biro Sandor"]
[Black "Rezonja Stefan"]
[Result "1-0"]
[WhiteElo "2313"]
[BlackElo "2158"]
[PlyCount "87"]
[EventDate "1999.??.??"]
[Source "www.chesslib.no"]
[SourceDate "2004.05.04"]

1. e4 e5 2. Nf3 Nf6 3. Nxe5 d6 4. Nxf7 Kxf7 5. Nc3 c6 6. d4 Be7 7. Bc4+ d5 8. exd5 cxd5 9. Nxd5 Be6 10. Ne3 Bxc4 11. Nxc4 Nc6 12. c3 Re8 13. O-O Kg8 14. f4 Rc8 15. Ne5 Qd5 16. b3 Red8 17. Bb2 Qe4 18. Re1 Qxf4 19. g3 Qxe5 20. Rxe5 Nxe5 21. Qe2 Ng6 22. c4 Re8 23. Qf3 Rc7 24. Re1 Rf8 25. a3 Rf7 26. Qf5 b6 27. Rf1 Bf8 28. Bc1 Ne8 29. Qd3 Rxf1+ 30. Kxf1 Rd7 31. b4 Rf7+ 32. Kg1 Rd7 33. c5 Be7 34. Qc4+ Kf8 35. d5 bxc5 36. bxc5 Rc7 37. Be3 Nf6 38. c6 Ne5 39. Qb5 Ne8 40. a4 Bd6 41. Kg2 Nf6 42. Bc5 Ne4 43. Qb8+ Ke7 44. Qxc7+ 1-0

[Event "Capablanca mem-D"]
[Site "Cuba"]
[Date "1993.??.??"]
[Round "4"]
[White "Espinosa, Julio"]
[Black "Hernandez Estevez, Yudania"]
[Result "1/2-1/2"]
[WhiteElo "2375"]
[BlackElo "2095"]
[PlyCount "69"]
[EventDate "1993.??.??"]
[Source "www.chesslib.no"]
[SourceDate "2004.05.04"]

1. e4 e5 2. Nf3 Nf6 3. Nxe5 d6 4. Nxf7 Kxf7 5. d4 Be7 6. Bd3 g6 7. O-O Kg7 8. h3 c5 9. dxc5 dxc5 10. b3 Rf8 11. Bb2 Be6 12. Nd2 Nc6 13. f4 Nd4 14. Nf3 Qd7 15. Ng5 Bg8 16. g4 Rae8 17. c3 Nc6 18. e5 Nd5 19. c4 Nd4 20. cxd5 Bxg5 21. Bxd4 cxd4 22. fxg5 Qxd5 23. Rxf8 Rxf8 24. Qe2 Qd8 25. h4 Bd5 26. Rf1 Rxf1+ 27. Qxf1 Qc8 28. Qf4 Qc3 29. h5 Qxd3 30. Qf6+ Kg8 31. Qd8+ Kf7 32. Qd7+ Kf8 33. Qd8+ Kf7 34. Qd7+ Kf8 35. Qd8+ 1/2-1/2

[Event "Duisburg op 6th"]
[Site "?"]
[Date "1999.??.??"]
[Round "4"]
[White "Kunisch Siegfried"]
[Black "Meijers Viesturs"]
[Result "0-1"]
[WhiteElo "2050"]
[BlackElo "2418"]
[PlyCount "73"]
[EventDate "1999.??.??"]
[Source "www.chesslib.no"]
[SourceDate "2004.05.04"]

1. e4 e5 2. Nf3 Nf6 3. Nxe5 d6 4. Nxf7 Kxf7 5. d4 d5 6. e5 Ne8 7. c4 c6 8. Nc3 Nc7 9. c5 b6 10. b4 a5 11. Na4 Nd7 12. Qf3+ Kg8 13. b5 Bb7 14. Nxb6 Nxb6 15. bxc6 Bxc6 16. cxb6 Bb4+ 17. Bd2 Bxd2+ 18. Kxd2 Ne6 19. Qc3 Qxb6 20. Ke3 Kf7 21. Bd3 Rac8 22. Rab1 Qa7 23. Qb2 Rhe8 24. f4 Kg8 25. Qb6 Qf7 26. g3 Rf8 27. Rhf1 Ba4 28. Qxa5 Bc2 29. Bxc2 Rxc2 30. Qxd5 Rd8 31. Qb3 Rdc8 32. f5 R2c3+ 33. Qxc3 Rxc3+ 34. Kd2 Rc8 35. fxe6 Qxe6 36. Rb3 Qc4 37. Rf4 0-1

[Event "Hyvinkaa Ch"]
[Site "Hyvinkaa"]
[Date "1995.??.??"]
[Round "?"]
[White "Keskisarja, Teemu"]
[Black "Pihlajasalo, Antti"]
[Result "1-0"]
[WhiteElo "2260"]
[BlackElo "2200"]
[PlyCount "27"]
[EventDate "1995.??.??"]
[Source "www.chesslib.no"]
[SourceDate "2004.05.04"]

1. e4 e5 2. Nf3 Nf6 3. Nxe5 d6 4. Nxf7 Kxf7 5. d4 Qe8 6. Nc3 g6 7. Bd3 c5 8. dxc5 dxc5 9. O-O Bg7 10. f4 Rf8 11. e5 Ng4 12. Bc4+ Be6 13. Ne4 Kg8 14. Nd6 1-0

[Event "Open, Lisbon POR"]
[Site "?"]
[Date "2001.??.??"]
[Round "6"]
[White "Sanchez Aller, F."]
[Black "Gonzalez de la Nava, A."]
[Result "1-0"]
[WhiteElo "2115"]
[BlackElo "2345"]
[PlyCount "41"]
[EventDate "2001.??.??"]
[Source "www.chesslib.no"]
[SourceDate "2004.05.04"]

1. e4 e5 2. Nf3 Nf6 3. Nxe5 d6 4. Nxf7 Kxf7 5. d4 g6 6. Nc3 Qe8 7. Bd3 Bg7 8. O-O Rf8 9. e5 dxe5 10. dxe5 Qxe5 11. Re1 Qc5 12. Be3 Qb4 13. a3 Qg4 14. f3 Qh5 15. Bc4+ Be6 16. Bxe6+ Kxe6 17. Bg5+ Kf7 18. h4 Nc6 19. g4 Rad8 20. Qe2 Qxg5 21. Qe6# 1-0

[Event "Corr"]
[Site "?"]
[Date "2003.02.15"]
[Round "?"]
[White "Sample Roger L. (USA)"]
[Black "Stueber Guido J. (USA)"]
[Result "0-1"]
[WhiteElo "2245"]
[BlackElo "2213"]
[PlyCount "34"]
[EventDate "2003.??.??"]
[Source "www.chesslib.no"]
[SourceDate "2004.05.04"]

1. e4 e5 2. Nf3 Nf6 3. Nxe5 d6 4. Nxf7 Kxf7 5. d4 c5 6. dxc5 Qe7 7. Nc3 d5 8. Bg5 dxe4 9. Bxf6 gxf6 10. Qd5+ Be6 11. Qh5+ Kg7 12. Nxe4 Nd7 13. O-O-O Nxc5 14. Ng3 Rg8 15. Bc4 Kh8 16. Rhe1 Rg5 17. Qf3 Bg4 0-1

[Event "Almassora-A"]
[Site "?"]
[Date "2000.??.??"]
[Round "2"]
[White "Fernandez Romero Ernesto"]
[Black "Sales Montealegre Raquel"]
[Result "1-0"]
[WhiteElo "2285"]
[BlackElo "2166"]
[PlyCount "93"]
[EventDate "2000.??.??"]
[Source "www.chesslib.no"]
[SourceDate "2004.05.04"]

1. e4 e5 2. Nf3 Nf6 3. Nxe5 d6 4. Nxf7 Kxf7 5. d4 c5 6. dxc5 Nc6 7. Bc4+ Be6 8. Bxe6+ Kxe6 9. Qe2 Kd7 10. O-O Qe7 11. Nc3 Qe6 12. Rd1 Rd8 13. b4 Ke8 14. b5 Na5 15. Bg5 Qe5 16. Bxf6 gxf6 17. Nd5 Rc8 18. f4 Qe6 19. b6 axb6 20. cxb6 Kd8 21. Rd4 Rc5 22. Nc7 Qf7 23. e5 fxe5 24. fxe5 Nc6 25. Re4 Rxe5 26. Rf1 Rxe4 27. Qxe4 Qe7 28. Qf5 Qe3+ 29. Kh1 Qe7 30. Ne6+ Ke8 31. Rd1 Ne5 32. Nc7+ Kd8 33. Nd5 Qd7 34. Qf6+ Ke8 35. Qxh8 Qf5 36. Qf6 Qxc2 37. Nc7+ Kd7 38. Qe6+ Kc6 39. Qd5+ Kd7 40. Rf1 Be7 41. Qe6+ Kc6 42. Qxe7 Qe2 43. Rc1+ Kxb6 44. Qxd6+ Ka7 45. Qc5+ Kb8 46. Nb5 Nc6 47. Qf8+ 1-0

[Event "Catalunya-chT"]
[Site "?"]
[Date "1998.??.??"]
[Round "4"]
[White "Fernandez Muixi Francesco"]
[Black "Pinazo Donoso Jordi"]
[Result "0-1"]
[WhiteElo "2185"]
[BlackElo "2265"]
[PlyCount "56"]
[EventDate "1998.??.??"]
[Source "www.chesslib.no"]
[SourceDate "2004.05.04"]

1. e4 e5 2. Nf3 Nf6 3. Nxe5 d6 4. Nxf7 Kxf7 5. d4 c5 6. Nc3 cxd4 7. Qxd4 Be6 8. Be2 g6 9. Bg5 Nc6 10. Qd2 a6 11. f4 h6 12. f5 hxg5 13. fxe6+ Kg7 14. Qxg5 Nd4 15. Qd2 Nxe2 16. Qxe2 Qc8 17. Nd5 Nxd5 18. exd5 Be7 19. O-O-O Qc5 20. Rhf1 Raf8 21. Rf7+ Rxf7 22. exf7 Bg5+ 23. Kb1 Qe3 24. Qg4 Rf8 25. h4 Bf6 26. h5 Qg5 27. Qxg5 Bxg5 28. hxg6 Kxg6 0-1

[Event "Santa Coloma"]
[Site "?"]
[Date "1996.??.??"]
[Round "2"]
[White "Herms Agullo Jordi"]
[Black "Ruiz Mata Oscar"]
[Result "1-0"]
[WhiteElo "2215"]
[BlackElo "2235"]
[PlyCount "49"]
[EventDate "1996.??.??"]
[Source "www.chesslib.no"]
[SourceDate "2004.05.04"]

1. e4 e5 2. Nf3 Nf6 3. Nxe5 d6 4. Nxf7 Kxf7 5. d4 Qe8 6. Nc3 g6 7. Bd3 Bg7 8. O-O Rf8 9. e5 Ng4 10. h3 Nh6 11. exd6 Kg8 12. Nd5 cxd6 13. Nc7 Qc6 14. Nxa8 b5 15. c3 a6 16. Qb3+ Kh8 17. a4 bxa4 18. Qb6 Qxa8 19. Bxh6 Bxh6 20. Qxd6 Nd7 21. Rxa4 Bb7 22. d5 Bxd5 23. Rh4 Bxg2 24. Rxh6 Bxf1 25. Rxh7+ 1-0

[Event "ESP-ch U20"]
[Site "?"]
[Date "1999.??.??"]
[Round "7"]
[White "Fernandez Romero Ernesto"]
[Black "Andres Gonzalez Alberto"]
[Result "1-0"]
[WhiteElo "2188"]
[BlackElo "2258"]
[PlyCount "61"]
[EventDate "1999.??.??"]
[Source "www.chesslib.no"]
[SourceDate "2004.05.04"]

1. e4 e5 2. Nf3 Nf6 3. Nxe5 d6 4. Nxf7 Kxf7 5. d4 Qe8 6. Nc3 d5 7. e5 Bb4 8. Be2 Ne4 9. O-O Bxc3 10. bxc3 Nxc3 11. Bh5+ g6 12. Qf3+ Kg8 13. Qxc3 gxh5 14. Rb1 Kg7 15. Bg5 Rf8 16. Bf6+ Kg8 17. f4 Nd7 18. Bh4 Rf5 19. h3 Nf8 20. g4 Rf7 21. f5 hxg4 22. hxg4 Rg7 23. Qg3 Bxf5 24. Rxf5 Qg6 25. Rg5 Qxc2 26. Rxg7+ Kxg7 27. Rxb7 Qd1+ 28. Kh2 Ne6 29. Qf2 Qxg4 30. Rb3 Qf4+ 31. Rg3+ 1-0

[Event "GRE Team Ch"]
[Site "Greece"]
[Date "1992.??.??"]
[Round "?"]
[White "Bogdanos, Antonios"]
[Black "Zahilas, Loukas N"]
[Result "0-1"]
[WhiteElo "2230"]
[BlackElo "2215"]
[PlyCount "66"]
[EventDate "1992.??.??"]
[Source "www.chesslib.no"]
[SourceDate "2004.05.04"]

1. e4 e5 2. Nf3 Nf6 3. Nxe5 d6 4. Nxf7 Kxf7 5. d4 c5 6. dxc5 Nc6 7. Nc3 Be6 8. Bd3 d5 9. Bg5 Be7 10. Qf3 Ne5 11. Qf4 Ng6 12. Qf3 d4 13. Nb5 a6 14. Nd6+ Bxd6 15. cxd6 Qxd6 16. O-O Qe5 17. Bd2 Rhc8 18. g3 Bg4 19. Qg2 Qh5 20. f4 Bh3 21. Qf2 Bxf1 22. Rxf1 Qc5 23. e5 Nd5 24. Qe2 Ne3 25. Rf2 Kg8 26. c3 Nd5 27. b4 Qb6 28. Bc4 Rd8 29. Qe4 Qc6 30. Qxd4 Kh8 31. Qe4 Nxb4 32. Qe2 Nd5 33. f5 Nxe5 0-1

[Event "Madrid-ch"]
[Site "?"]
[Date "2003.03.14"]
[Round "5"]
[White "Barez Menendez Hector"]
[Black "De la Fuente Gonzalez Francis"]
[Result "1-0"]
[WhiteElo "2215"]
[BlackElo "2227"]
[PlyCount "83"]
[EventDate "2003.??.??"]
[Source "www.chesslib.no"]
[SourceDate "2004.05.04"]

1. e4 e5 2. Nf3 Nf6 3. Nxe5 d6 4. Nxf7 Kxf7 5. d4 g6 6. Nc3 Kg7 7. Be2 Qe8 8. f3 Nc6 9. O-O Bd7 10. Be3 h5 11. h3 Qc8 12. Qe1 Be7 13. f4 h4 14. Kh2 Nh5 15. d5 Nb4 16. Qd2 Bf6 17. Bd4 c5 18. Bxf6+ Nxf6 19. a3 Na6 20. e5 dxe5 21. fxe5 Nh5 22. Ne4 Ng3 23. Rf7+ Kxf7 24. Nd6+ Kg7 25. Nxc8 Raxc8 26. e6 Be8 27. d6 Bc6 28. e7 Nb8 29. Qc3+ Kh7 30. Bg4 Nd7 31. Qe3 b6 32. Re1 Rce8 33. Qf4 Kg7 34. Be6 Nf6 35. Rd1 Ne2 36. Qe5 Nd4 37. Rf1 Nf5 38. c3 a5 39. Rd1 Nxe7 40. dxe7 Rxe7 41. Rf1 Rf8 42. Qd6 1-0

[Event "Match 6"]
[Site "match Brno /6/"]
[Date "1995.??.??"]
[Round "?"]
[White "Blazkova, Petra"]
[Black "Orsagova, Silvie"]
[Result "0-1"]
[WhiteElo "2205"]
[BlackElo "2235"]
[PlyCount "76"]
[EventDate "1995.??.??"]
[Source "www.chesslib.no"]
[SourceDate "2004.05.04"]

1. e4 e5 2. Nf3 Nf6 3. Nxe5 d6 4. Nxf7 Kxf7 5. d4 c5 6. dxc5 Qa5+ 7. Nc3 Qxc5 8. Be3 Qc7 9. Nb5 Qe7 10. Bc4+ d5 11. Bb3 Qb4+ 12. Nc3 Bd6 13. Bd4 Nbd7 14. O-O Kf8 15. Nxd5 Qa5 16. Bc3 Qc5 17. Bb4 Qc6 18. Ba4 Qxa4 19. Bxd6+ Kf7 20. e5 Nxe5 21. Bxe5 Bg4 22. f3 Be6 23. Nc3 Qa5 24. Qd6 Rac8 25. Bxf6 gxf6 26. Rfe1 Rc6 27. Qf4 Qb6+ 28. Kh1 Rg8 29. Ne4 Rg6 30. Rad1 Qxb2 31. Nd6+ Ke7 32. Rxe6+ Kxe6 33. Qf5+ Ke7 34. Re1+ Kxd6 35. Rd1+ Kc7 36. Qd7+ Kb8 37. h4 Qxc2 38. Rd2 Qc4 0-1

[Event "Ladies, Hasselbacken SWE"]
[Site "?"]
[Date "2001.??.??"]
[Round "6"]
[White "Buervenich, S."]
[Black "Tetenkina, I."]
[Result "0-1"]
[WhiteElo "2205"]
[BlackElo "2230"]
[PlyCount "64"]
[EventDate "2001.??.??"]
[Source "www.chesslib.no"]
[SourceDate "2004.05.04"]

1. e4 e5 2. Nf3 Nf6 3. Nxe5 d6 4. Nxf7 Kxf7 5. Nc3 Qe8 6. d4 d5 7. e5 c5 8. Bb5 Bd7 9. O-O Bxb5 10. Nxb5 Qxb5 11. exf6 g6 12. dxc5 Qxc5 13. Qg4 Qxc2 14. Re1 Qf5 15. Qg3 Nd7 16. Bd2 Bc5 17. Be3 Bxe3 18. Rxe3 Rhe8 19. Rae1 Nxf6 20. Rc1 Rac8 21. Rd1 Rxe3 22. Qxe3 Qc2 23. Rf1 Qxb2 24. g4 Re8 25. Qh3 Qd4 26. g5 Qg4+ 27. Qxg4 Nxg4 28. Rd1 Ke6 29. h3 Ne5 30. Re1 Kf5 31. Kg2 d4 32. Kg3 Rc8 0-1

[Event "Bayernliga 05/06 (RLSO)"]
[Site "?"]
[Date "2005.11.27"]
[Round "3.2"]
[White "Holzer Richard[72"]
[Black "Taeger Winfried"]
[Result "0-1"]
[WhiteElo "2176"]
[BlackElo "2257"]
[PlyCount "138"]
[EventDate "2005.??.??"]
[Source "www.chesslib.no"]
[SourceDate "2004.05.04"]

1. e4 e5 2. Nf3 Nf6 3. Nxe5 d6 4. Nxf7 Kxf7 5. d4 c6 6. Nc3 Be7 7. Bc4+ Be6 8. Bxe6+ Kxe6 9. g4 h6 10. Be3 Qa5 11. Qf3 Nbd7 12. h4 Nb6 13. e5 dxe5 14. dxe5 Qxe5 15. O-O-O Kf7 16. Rhe1 Qa5 17. g5 Rhd8 18. gxf6 Bxf6 19. Bd4 Rd6 20. Bxf6 Rxf6 21. Qe2 Kg8 22. Kb1 Raf8 23. Qe7 R6f7 24. Qe6 Kh7 25. Ne4 Rd7 26. Rc1 Qd5 27. Qg4 Qf5 28. Qg2 Nc4 29. Re2 Qf3 30. Qxf3 Rxf3 31. b3 Nb6 32. Rh1 Nd5 33. Kb2 b6 34. Nd2 Rf4 35. Nc4 Rdf7 36. Re6 R7f6 37. Rxf6 Rxf6 38. Rh2 c5 39. Ne5 Re6 40. Nd3 Re2 41. Rh3 Re4 42. Kc1 c4 43. Nb2 c3 44. Nd1 Re1 45. a3 Rf1 46. Rd3 Nf4 47. Rd7 Nh3 48. Rf7 Kg6 49. Rf3 Ng1 50. Rd3 Kh5 51. Kb1 Kxh4 52. Ka2 Ne2 53. Rd7 g5 54. b4 g4 55. Kb3 Kg5 56. a4 h5 57. a5 bxa5 58. bxa5 h4 59. Ne3 Rxf2 60. Rg7+ Kf4 61. Nxg4 Rg2 62. Rxa7 Rxg4 63. Re7 Kf3 64. Rf7+ Nf4 65. Kxc3 h3 66. Rh7 Kg2 67. Kc4 Nh5+ 68. Kb3 Nf6 69. Rh6 h2 0-1

[Event "Villa Ballester op 53th"]
[Site "?"]
[Date "2003.01.15"]
[Round "6"]
[White "Pedro Fernando"]
[Black "Coda Carlos"]
[Result "1-0"]
[WhiteElo "2273"]
[BlackElo "2152"]
[PlyCount "77"]
[EventDate "2003.??.??"]
[Source "www.chesslib.no"]
[SourceDate "2004.05.04"]

1. e4 e5 2. Nf3 Nf6 3. Nxe5 d6 4. Nxf7 Kxf7 5. d4 g6 6. Bd3 Bg4 7. f3 Be6 8. O-O Kg7 9. Nd2 Be7 10. f4 Bg4 11. Qe1 Nh5 12. h3 Bd7 13. g4 Nf6 14. f5 Nc6 15. c3 h6 16. Nf3 Nh7 17. Qg3 Ng5 18. Bxg5 Bxg5 19. Rae1 Rf8 20. Re2 Be8 21. d5 Ne5 22. Nxe5 Bh4 23. Qh2 dxe5 24. Qxe5+ Bf6 25. Qf4 Bg5 26. Qf3 c6 27. e5 cxd5 28. f6+ Bxf6 29. exf6+ Rxf6 30. Qe3 Rxf1+ 31. Kxf1 Bf7 32. Rf2 Qh4 33. Kg2 h5 34. Qe5+ Kg8 35. g5 Qa4 36. Rxf7 Kxf7 37. Qxd5+ Ke7 38. Qxb7+ Qd7 39. Qe4+ 1-0

[Event "Dieren op"]
[Site "Dieren"]
[Date "2000.07.22"]
[Round "5"]
[White "Hoogendoorn, Joost"]
[Black "Van den Bersselaar, Jeroen"]
[Result "1-0"]
[WhiteElo "2358"]
[BlackElo "2065"]
[PlyCount "53"]
[EventDate "2000.07.18"]
[Source "ChessBase"]
[SourceDate "2000.09.14"]

1. e4 e5 2. Nf3 Nf6 3. Nxe5 d6 4. Nxf7 Kxf7 5. Nc3 Qe8 6. d4 d5 7. e5 Bb4 8. Bd3 Ne4 9. O-O Nxc3 10. bxc3 Bxc3 11. Qh5+ g6 12. Qf3+ Kg8 13. Qxd5+ Be6 14. Qxb7 Qc6 15. Rb1 Qxb7 16. Rxb7 Bxd4 17. Rxc7 Nd7 18. Bh6 Rd8 19. Re1 Bb6 20. Rb7 Kf7 21. Bb5 Rhe8 22. Bg5 Kg8 23. Bxd8 Rxd8 24. Rd1 Nxe5 25. Rxd8+ Bxd8 26. Rb8 Nf7 27. Be8 1-0

[Event "liga2B Dunaj B-P"]
[Site "?"]
[Date "1996.??.??"]
[Round "?"]
[White "Petrik Stanislav"]
[Black "Orsagova Silvie"]
[Result "1-0"]
[WhiteElo "2170"]
[BlackElo "2235"]
[PlyCount "53"]
[EventDate "1996.??.??"]
[Source "www.chesslib.no"]
[SourceDate "2004.05.04"]

1. e4 e5 2. Nf3 Nf6 3. Nxe5 d6 4. Nxf7 Kxf7 5. d4 Qe8 6. Nc3 g6 7. Bd3 c5 8. dxc5 d5 9. O-O dxe4 10. Nxe4 Nxe4 11. Re1 Bxc5 12. Bxe4 Qd8 13. Bd5+ Kg7 14. b4 Bxf2+ 15. Kxf2 Rf8+ 16. Kg1 Qf6 17. Rb1 Qf2+ 18. Kh1 Rf5 19. Be3 Qh4 20. Qd2 Nd7 21. Bh6+ Qxh6 22. Re7+ Kf8 23. Qxh6+ Kxe7 24. Rd1 Kf6 25. Qh4+ Kg7 26. Bxb7 Bxb7 27. Rxd7+ 1-0

[Event "Hessen-ch"]
[Site "?"]
[Date "2003.??.??"]
[Round "9"]
[White "Holzer Richard"]
[Black "Falk Thomas"]
[Result "0-1"]
[WhiteElo "2234"]
[BlackElo "2170"]
[PlyCount "66"]
[EventDate "2003.??.??"]
[Source "www.chesslib.no"]
[SourceDate "2004.05.04"]

1. e4 e5 2. Nf3 Nf6 3. Nxe5 d6 4. Nxf7 Kxf7 5. d4 Bg4 6. f3 Be6 7. Nc3 Be7 8. Bd3 Rf8 9. Be3 Kg8 10. d5 Bf7 11. Qd2 c6 12. dxc6 bxc6 13. g4 d5 14. e5 Nfd7 15. f4 Nc5 16. O-O-O Nxd3+ 17. Qxd3 Nd7 18. Kb1 Qa5 19. Bd2 Rab8 20. b3 Bb4 21. Rhe1 Nc5 22. Qh3 Na4 23. Nxa4 Bxd2 24. Rf1 d4 25. Qd3 Be3 26. Ka1 c5 27. c4 Be8 28. f5 Bxa4 29. bxa4 Qc3+ 30. Qxc3 dxc3 31. Rd3 Bd4 32. Rc1 Bxe5 33. Rc2 Rfd8 0-1

[Event "Corr"]
[Site "?"]
[Date "2000.06.20"]
[Round "?"]
[White "Eilmes Don (USA)"]
[Black "Link Peter Michael (USA)"]
[Result "0-1"]
[WhiteElo "2337"]
[BlackElo "2066"]
[PlyCount "72"]
[EventDate "2000.??.??"]
[Source "www.chesslib.no"]
[SourceDate "2004.05.04"]

1. e4 e5 2. Nf3 Nf6 3. Nxe5 d6 4. Nxf7 Kxf7 5. d4 c5 6. dxc5 Nc6 7. Bc4+ Be6 8. Bxe6+ Kxe6 9. cxd6 Bxd6 10. Qe2 Re8 11. Nc3 Kf7 12. O-O Be5 13. Bg5 Qa5 14. Bxf6 Bxf6 15. Qc4+ Kf8 16. Nd5 Rac8 17. Nxf6 gxf6 18. c3 Ne5 19. Qe2 Ng6 20. Rfd1 Rcd8 21. f3 Rxd1+ 22. Rxd1 Qxa2 23. Qd2 Kg7 24. Qc2 Re7 25. Rd4 a6 26. Ra4 Qe6 27. Rd4 f5 28. Qd2 fxe4 29. Rxe4 Qb6+ 30. Rd4 Rd7 31. Kf1 Rxd4 32. cxd4 Ne7 33. g4 Qd6 34. Qe3 Nc6 35. Qg5+ Qg6 36. Qb5 axb5 0-1

[Event "Aarhus Chess Summer candidates"]
[Site "?"]
[Date "2003.07.30"]
[Round "4"]
[White "Petersen Tom Petri"]
[Black "Rossen Claus"]
[Result "1-0"]
[WhiteElo "2194"]
[BlackElo "2202"]
[PlyCount "55"]
[EventDate "2003.??.??"]
[Source "www.chesslib.no"]
[SourceDate "2004.05.04"]

1. e4 e5 2. Nf3 Nf6 3. Nxe5 d6 4. Nxf7 Kxf7 5. d4 g6 6. Nc3 Bg7 7. Bc4+ Be6 8. Bxe6+ Kxe6 9. f4 Kf7 10. e5 Nfd7 11. Qf3 c6 12. Ne4 d5 13. Nd6+ Kg8 14. O-O Na6 15. f5 Bxe5 16. dxe5 Nxe5 17. Qg3 Qxd6 18. Bf4 Qc5+ 19. Kh1 Nc4 20. fxg6 h5 21. b3 Nb4 22. bxc4 Nxc2 23. Qh3 Qe7 24. Rac1 Rf8 25. Qc3 Rxf4 26. Rxf4 Qe3 27. Rf8+ Kxf8 28. g7+ 1-0

[Event "Warsaw POL, 5. Amplico AIG"]
[Site "?"]
[Date "2005.12.18"]
[Round "13"]
[White "Kukawski Maciej"]
[Black "Leks Hanna"]
[Result "1-0"]
[WhiteElo "2182"]
[BlackElo "2209"]
[PlyCount "84"]
[EventDate "2005.??.??"]
[Source "www.chesslib.no"]
[SourceDate "2004.05.04"]

1. e4 e5 2. Nf3 Nf6 3. Nxe5 d6 4. Nxf7 Kxf7 5. d4 g6 6. Nc3 c6 7. h3 Bg7 8. Bc4+ Be6 9. Bxe6+ Kxe6 10. f4 Re8 11. O-O Kf7 12. e5 Nfd7 13. Ne4 Kg8 14. Nxd6 Re6 15. Qg4 Nf8 16. f5 Rxd6 17. exd6 Qxd6 18. c3 Nbd7 19. Bf4 Qd5 20. Bg5 h6 21. Be7 Qf7 22. Bxf8 Nxf8 23. fxg6 Qd5 24. Rf5 Qd6 25. Raf1 Re8 26. Rf7 Re7 27. h4 c5 28. h5 cxd4 29. Qf5 Kh8 30. cxd4 Qxd4+ 31. Qf2 Qg4 32. Qf3 Qd4+ 33. Rf2 Qd6 34. Kh1 Qe5 35. Re2 Qg5 36. Kh2 Qc5 37. g3 Qd5 38. b3 a6 39. Rfxe7 b5 40. Rf7 Qd6 41. Qf2 Qe6 42. Rxf8+ Bxf8 1-0